Teplotný logger s využitím ESP32

Uložené v:
Podrobná bibliografia
Hlavný autor: Felčír, Matúš (Autor)
Ďalší autori: Gašpar, Gabriel (Vedúci práce)
Médium: Rukopis Kniha
Jazyk:Slovak
Vydavateľské údaje: 2021
Predmet:
On-line prístup:http://is.stuba.sk/zp/portal_zp.pl?podrobnosti=158364
Tagy: Pridať tag
Žiadne tagy, Buďte prvý, kto otaguje tento záznam!

MARC

LEADER 00000ntm a22000003a 4500
001 stuzp82516
003 SK-STU
005 20210612211200.7
007 ta
008 150427s2015----xo-----f-mn---000-0-slo-d
040 |a STU  |b slo 
041 0 |a slo 
100 1 |a Felčír, Matúš  |u 066000  |k Z4  |4 aut  |U MTF Materiálovotechnologická fakulta  |T MTF Ústav aplikovanej informatiky, automatizácie a mechatroniky  |X 85618  |U M6000  |Y 86  |7 85618 
242 0 1 |a Temperature logger utilizing ESP32  |y eng 
245 1 0 |a Teplotný logger s využitím ESP32 
260 |c 2021 
650 4 |a DS18B20  |2 slo 
650 4 |a teplotný logger  |2 slo 
650 4 |a teplotný profil  |2 slo 
650 4 |a ESP32  |2 slo 
650 4 |a Raspberry Pi  |2 slo 
650 4 |a Raspberry Pi  |2 eng 
650 4 |a temperature profile  |2 eng 
650 4 |a ESP32  |2 eng 
650 4 |a temperature logger  |2 eng 
650 4 |a DS18B20  |2 eng 
700 1 |a Gašpar, Gabriel  |u 066000  |k Z8  |4 ths  |U MTF Materiálovotechnologická fakulta  |T MTF Ústav aplikovanej informatiky, automatizácie a mechatroniky  |X 44945  |U M6000  |Y 86  |7 A000044945 
856 4 |u http://is.stuba.sk/zp/portal_zp.pl?podrobnosti=158364 
996 |c M* DP-14527  |l MMSKP  |s P  |a 0  |w stuzp82516_0001